[Event "Viljandi Raud Memorial 49th"]
[Site "Viljandi"]
[Date "2015.07.03"]
[Round "7"]
[White "Dubrovin, Robert"]
[Black "Ezhov, Roman"]
[Result "1/2-1/2"]
[WhiteElo "2230"]
[BlackElo "2258"]
[PlyCount "28"]
[EventDate "2015.06.29"]
[EventType "swiss"]
[EventRounds "9"]
[EventCountry "EST"]
[SourceTitle "CBM 167 Extra"]
[Source "ChessBase"]
[SourceDate "2015.09.14"]
[SourceVersion "1"]
[SourceVersionDate "2015.09.14"]
[SourceQuality "1"]

1. Nf3 c5 2. g3 b6 3. Bg2 Bb7 4. 0-0 Nf6 5. a4 a6 6. d3 d6 7. c3 e6 8. b4 cxb4 9. cxb4 d5 10. Ba3 Bd6 11. Qb3 0-0 12. Nbd2 Nbd7 13. Rfe1 Rc8 14. e4 Qc7 1/2-1/2

[Event "EST-ch"]
[Site "Tallinn"]
[Date "2015.05.17"]
[Round "7"]
[White "Krupenski, Juri"]
[Black "Ezhov, Roman"]
[Result "0-1"]
[WhiteElo "2338"]
[BlackElo "2245"]
[PlyCount "102"]
[EventDate "2015.05.12"]
[EventType "tourn"]
[EventRounds "7"]
[EventCountry "EST"]
[EventCategory "1"]
[SourceTitle "CBM 166 Extra"]
[Source "ChessBase"]
[SourceDate "2015.06.18"]
[SourceVersion "1"]
[SourceVersionDate "2015.06.18"]
[SourceQuality "1"]

1. c4 c5 2. g3 g6 3. Bg2 Bg7 4. Nc3 Nc6 5. e3 e5 6. a3 a5 7. Nge2 Nge7 8. 0-0 0-0 9. d3 d6 10. Bd2 Rb8 11. Rb1 Be6 12. Nd5 b5 13. cxb5 Rxb5 14. Qa4 Qb8 15. Nec3 Rxb2 16. Nxe7+ Nxe7 17. Qxa5 f5 18. Rxb2 Qxb2 19. Nb5 e4 20. dxe4 Nc6 21. Qa6 Qxd2 22. Qxc6 Bc4 23. Nxd6 Bxf1 24. Bxf1 fxe4 25. Nxe4 Qa5 26. a4 Qa8 27. Qe6+ Kh8 28. Bb5 Qc8 29. Bd7 Qb8 30. Nxc5 Qe5 31. Qc4 Bh6 32. Ne4 Qa1+ 33. Kg2 Qd1 34. f4 Qxd7 35. a5 Qa7 36. Nd6 Qxa5 37. Nf7+ Kg7 38. Ne5 Kh8 39. Nf7+ Kg7 40. Ne5 Qa7 41. Qc3 Kg8 42. Qb3+ Kh8 43. Nc4 Rb8 44. Qd3 Bg7 45. h4 Re8 46. Kh2 Qe7 47. Nd6 Qxe3 48. Qd5 Qf2+ 49. Kh3 Qf1+ 50. Kg4 Qe2+ 51. Kg5 Qh5# 0-1

[Event "EST-ch"]
[Site "Tallinn"]
[Date "2015.05.15"]
[Round "4"]
[White "Seeman, Tarvo"]
[Black "Ezhov, Roman"]
[Result "1-0"]
[WhiteElo "2429"]
[BlackElo "2245"]
[PlyCount "49"]
[EventDate "2015.05.12"]
[EventType "tourn"]
[EventRounds "7"]
[EventCountry "EST"]
[EventCategory "1"]
[SourceTitle "CBM 166 Extra"]
[Source "ChessBase"]
[SourceDate "2015.06.18"]
[SourceVersion "1"]
[SourceVersionDate "2015.06.18"]
[SourceQuality "1"]

1. Nf3 Nf6 2. g3 b6 3. Bg2 Bb7 4. d3 g6 5. e4 d6 6. 0-0 Bg7 7. Nh4 c5 8. e5 Bxg2 9. exf6 Bxf1 10. fxg7 Rg8 11. Qxf1 Rxg7 12. Qg2 Nd7 13. c4 Ne5 14. Qe4 Rc8 15. Nc3 f5 16. Qe2 Qd7 17. Nf3 Nxf3+ 18. Qxf3 e6 19. Bh6 Rg8 20. Qf4 a6 21. Re1 Kd8 22. Nd5 exd5 23. Bg5+ Kc7 24. Re7 dxc4 25. Qxc4 1-0

[Event "EST-ch"]
[Site "Tallinn"]
[Date "2015.05.12"]
[Round "1"]
[White "Ezhov, Roman"]
[Black "Ladva, Ottomar"]
[Result "0-1"]
[WhiteElo "2245"]
[BlackElo "2409"]
[PlyCount "118"]
[EventDate "2015.05.12"]
[EventType "tourn"]
[EventRounds "7"]
[EventCountry "EST"]
[EventCategory "1"]
[SourceTitle "CBM 166 Extra"]
[Source "ChessBase"]
[SourceDate "2015.06.18"]
[SourceVersion "1"]
[SourceVersionDate "2015.06.18"]
[SourceQuality "1"]

1. e4 g6 2. d4 Bg7 3. Nc3 d6 4. Be3 a6 5. Qd2 b5 6. f3 Nd7 7. g4 Bb7 8. Nge2 c5 9. a3 Rc8 10. h4 h6 11. Ng3 e6 12. Rd1 Qf6 13. Rh3 cxd4 14. Bxd4 Qxd4 15. Qxd4 Bxd4 16. Rxd4 Ke7 17. a4 Ne5 18. Be2 Nc6 19. Rd2 b4 20. Nd1 Nf6 21. Ne3 Nd7 22. h5 Nb6 23. hxg6 fxg6 24. b3 Rcf8 25. Kf2 Ne5 26. Rd4 a5 27. Rh1 Rf7 28. Kg2 d5 29. Rh4 g5 30. Rh1 Ng6 31. exd5 Nxd5 32. Nxd5+ Bxd5 33. Kf2 Nh4 34. Ne4 Rhf8 35. Rh3 Rf4 36. Ke3 h5 37. Rxd5 exd5 38. Nxg5 Ng2+ 39. Kf2 hxg4 40. Rh7+ Kf6 41. Kxg2 Kxg5 42. Rg7+ Kh5 43. Rh7+ Kg6 44. Bd3+ Kf6 45. fxg4 Rxg4+ 46. Kf3 Kg5+ 47. Ke2 Re8+ 48. Kd2 Rg2+ 49. Kc1 Re1+ 50. Kb2 Rgg1 51. Rg7+ Kf4 52. Rf7+ Ke3 53. Re7+ Kd2 54. Rxe1 Rxe1 55. Bg6 d4 56. Bh7 Re3 57. Bg6 Rc3 58. Bh7 d3 59. cxd3 Rc2+ 0-1

[Event "Olympiad-40"]
[Site "Istanbul"]
[Date "2012.09.01"]
[Round "5.3"]
[White "Ezhov, Roman"]
[Black "Roselli Mailhe, Bernardo"]
[Result "0-1"]
[WhiteElo "2185"]
[BlackElo "2420"]
[PlyCount "96"]
[EventDate "2012.08.28"]
[EventType "team-swiss"]
[EventRounds "11"]
[EventCountry "TUR"]
[SourceTitle "CBM 151"]
[Source "ChessBase"]
[SourceDate "2012.11.13"]
[SourceVersion "1"]
[SourceVersionDate "2012.11.13"]
[SourceQuality "1"]
[WhiteTeam "Estonia"]
[BlackTeam "Uruguay"]
[WhiteTeamCountry "EST"]
[BlackTeamCountry "URU"]

1. e4 e6 2. d4 d5 3. Nc3 Bb4 4. e5 b6 5. a3 Bxc3+ 6. bxc3 Ne7 7. h4 Ba6 8. Bxa6 Nxa6 9. Qd3 Nb8 10. h5 h6 11. Nf3 Nbc6 12. 0-0 Na5 13. Nh4 Qd7 14. f4 Nf5 15. Nxf5 exf5 16. g4 g6 17. Kh2 0-0-0 18. gxf5 gxf5 19. Be3 Rhg8 20. Rg1 Nc4 21. Bf2 Qe6 22. Bh4 Rde8 23. Rg3 Rxg3 24. Qxg3 Nd2 25. Rg1 Ne4 26. Qh3 Kb7 27. Rg7 Rc8 28. Be1 Qd7 29. Qg2 Rf8 30. Rh7 Qb5 31. Rxh6 Qb1 32. Bh4 Qc1 33. Bg5 Rg8 34. Rh7 Ka6 35. a4 Nxg5 36. fxg5 Rxg5 37. Qe2+ Kb7 38. Qf3 Qxc2+ 39. Kh3 Qe4 40. Qxe4 dxe4 41. e6 fxe6 42. Rh6 Kc8 43. Rxe6 Rxh5+ 44. Kg3 Rh1 45. Kf4 Rf1+ 46. Ke5 Kb7 47. Kd5 Ra1 48. Rf6 e3 0-1

[Event "Olympiad-40"]
[Site "Istanbul"]
[Date "2012.08.30"]
[Round "3.3"]
[White "Ezhov, Roman"]
[Black "Leiva Rodriguez, Jeammarco Giuseppe"]
[Result "1/2-1/2"]
[WhiteElo "2185"]
[BlackElo "2283"]
[PlyCount "83"]
[EventDate "2012.08.28"]
[EventType "team-swiss"]
[EventRounds "11"]
[EventCountry "TUR"]
[SourceTitle "CBM 151"]
[Source "ChessBase"]
[SourceDate "2012.11.13"]
[SourceVersion "1"]
[SourceVersionDate "2012.11.13"]
[SourceQuality "1"]
[WhiteTeam "Estonia"]
[BlackTeam "Peru"]
[WhiteTeamCountry "EST"]
[BlackTeamCountry "PER"]

1. e4 c5 2. Nf3 d6 3. d4 cxd4 4. Nxd4 Nf6 5. Nc3 a6 6. f4 e5 7. Nf3 Qc7 8. Bd3 Be7 9. 0-0 0-0 10. f5 b5 11. a3 Bb7 12. Qe2 Nbd7 13. Bg5 Rfe8 14. Kh1 d5 15. Rae1 Bxa3 16. Nxd5 Nxd5 17. bxa3 Nc3 18. Qf2 f6 19. Bd2 Nc5 20. Bxc3 Nxd3 21. cxd3 Qxc3 22. Qa2+ Kf8 23. Rc1 Qa5 24. Rc5 Rad8 25. Qb3 Re7 26. Rfc1 Red7 27. R5c3 Qb6 28. Re1 a5 29. Rec1 b4 30. axb4 axb4 31. Rb1 Qa5 32. Qxb4+ Qxb4 33. Rxb4 Ba6 34. Ne1 Bxd3 35. Rxd3 Rxd3 36. Nxd3 Rxd3 37. Kg1 Rd2 38. Kf1 Ke7 39. Rb7+ Rd7 40. Rxd7+ Kxd7 41. Ke2 Kc6 42. Kd3 1/2-1/2

[Event "Chigorin Memorial 19th"]
[Site "St Petersburg"]
[Date "2011.10.20"]
[Round "7"]
[White "Duzhakov, Ilya"]
[Black "Ezhov, Roman"]
[Result "1-0"]
[WhiteElo "2325"]
[BlackElo "2170"]
[PlyCount "77"]
[EventDate "2011.10.14"]
[EventType "swiss"]
[EventRounds "9"]
[EventCountry "RUS"]
[SourceTitle "CBM 144 Extra"]
[Source "ChessBase"]
[SourceDate "2011.10.28"]
[SourceVersion "1"]
[SourceVersionDate "2011.10.28"]
[SourceQuality "1"]

1. e4 c5 2. Nf3 e6 3. b3 Nc6 4. Bb2 d6 5. d4 cxd4 6. Nxd4 Nf6 7. Nxc6 bxc6 8. e5 Ne4 9. exd6 Qa5+ 10. c3 Qe5 11. Qe2 Bxd6 12. f3 Nf6 13. Nd2 0-0 14. 0-0-0 Qxe2 15. Bxe2 e5 16. Nc4 Bc7 17. Ba3 Re8 18. Bd6 Nd5 19. Bxc7 Nxc7 20. Nd6 Rd8 21. Nb5 Nd5 22. Nc7 Bf5 23. Nxa8 Rxa8 24. Bd3 Be6 25. Kb2 Ne3 26. Rd2 f5 27. c4 Kf7 28. g3 g5 29. Re1 f4 30. Bxh7 Bxc4 31. gxf4 exf4 32. bxc4 Nxc4+ 33. Kc3 Nxd2 34. Kxd2 Rh8 35. Be4 Rxh2+ 36. Re2 Rh6 37. Kc3 Re6 38. Bd3 Rd6 39. Re5 1-0

[Event "Chigorin Memorial 19th"]
[Site "St Petersburg"]
[Date "2011.10.19"]
[Round "6"]
[White "Ezhov, Roman"]
[Black "Rybakova, Polina"]
[Result "1-0"]
[WhiteElo "2170"]
[BlackElo "1743"]
[PlyCount "75"]
[EventDate "2011.10.14"]
[EventType "swiss"]
[EventRounds "9"]
[EventCountry "RUS"]
[SourceTitle "CBM 144 Extra"]
[Source "ChessBase"]
[SourceDate "2011.10.28"]
[SourceVersion "1"]
[SourceVersionDate "2011.10.28"]
[SourceQuality "1"]

1. e4 c5 2. Nf3 d6 3. d4 cxd4 4. Nxd4 Nf6 5. Nc3 a6 6. f3 e5 7. Nb3 Be7 8. Be3 Nc6 9. Qd2 Be6 10. 0-0-0 0-0 11. g4 b5 12. h4 b4 13. Nd5 Ne8 14. g5 a5 15. Bb6 Qb8 16. Nxa5 Bxd5 17. Qxd5 Nxa5 18. Bxa5 Nc7 19. Bxc7 Qxc7 20. Qb3 Qa5 21. Bc4 Qb6 22. Rhg1 Qf2 23. Rg4 Rac8 24. Rf1 Qc5 25. Bd5 Rc7 26. f4 Qb5 27. Rf2 Qc5 28. Rgg2 Bd8 29. f5 Kh8 30. f6 g6 31. h5 gxh5 32. Rh2 Rg8 33. Rfg2 Qb5 34. Qf3 Rg6 35. Rxh5 Qc5 36. Qh3 Bxf6 37. Rxh7+ Kg8 38. gxf6 1-0

[Event "Chigorin Memorial 19th"]
[Site "St Petersburg"]
[Date "2011.10.14"]
[Round "1"]
[White "Rasulov, Vugar Ural Oglu"]
[Black "Ezhov, Roman"]
[Result "1-0"]
[WhiteElo "2523"]
[BlackElo "2170"]
[PlyCount "103"]
[EventDate "2011.10.14"]
[EventType "swiss"]
[EventRounds "9"]
[EventCountry "RUS"]
[SourceTitle "CBM 144 Extra"]
[Source "ChessBase"]
[SourceDate "2011.10.28"]
[SourceVersion "1"]
[SourceVersionDate "2011.10.28"]
[SourceQuality "1"]

1. e4 e5 2. Nf3 Nc6 3. Bb5 a6 4. Ba4 d6 5. c3 f5 6. exf5 Bxf5 7. 0-0 Bd3 8. Re1 Be7 9. Qb3 b5 10. Qd5 Qd7 11. Qxd3 bxa4 12. Qc4 Nf6 13. Qxa4 e4 14. Ng5 d5 15. d3 h6 16. Nh3 0-0 17. dxe4 Nxe4 18. Be3 Nc5 19. Qc2 Rae8 20. Nd2 Ne5 21. Bd4 Bd6 22. Rxe5 Rxe5 23. Bxe5 Bxe5 24. Re1 Re8 25. Rd1 Qa4 26. b3 Qa5 27. Nf3 Qxc3 28. Qxc3 Bxc3 29. Rxd5 Bb4 30. g3 Re2 31. Ne5 Rxa2 32. Rd8+ Kh7 33. Nf4 g5 34. Nd5 Rd2 35. Nf6+ Kg7 36. Nh5+ Kh7 37. Rf8 Ne4 38. Rf7+ Kg8 39. Rxc7 Bc5 40. Nf6+ Nxf6 41. Rxc5 Ne4 42. Rc8+ Kg7 43. Rc7+ Kf6 44. Ng4+ Kg6 45. f3 Rd1+ 46. Kg2 Rd2+ 47. Kf1 Nd6 48. Rc6 Kf7 49. Rxa6 h5 50. Ke1 Rb2 51. Ne5+ Ke7 52. Rxd6 1-0

[Event "Baltic Sea Chess Stars"]
[Site "Narva"]
[Date "2006.11.12"]
[Round "7.2"]
[White "Klim, Kamil"]
[Black "Ezhov, Roman"]
[Result "1/2-1/2"]
[WhiteElo "1947"]
[BlackElo "2144"]
[PlyCount "66"]
[EventDate "2006.11.08"]
[EventType "team"]
[EventRounds "7"]
[EventCountry "EST"]
[SourceTitle "CBM 115 Extra"]
[Source "ChessBase"]
[SourceDate "2007.01.10"]
[SourceVersion "1"]
[SourceVersionDate "2007.01.10"]
[SourceQuality "1"]

1. d4 Nf6 2. c4 c5 3. d5 e6 4. Nc3 exd5 5. cxd5 d6 6. e4 g6 7. Be2 Bg7 8. Nf3 0-0 9. 0-0 Nbd7 10. Bf4 Nb6 11. Nd2 Qe7 12. Re1 Nfd7 13. a4 Ne5 14. Bg3 g5 15. h3 Nbd7 16. Nf1 Rd8 17. Ne3 Nf8 18. Bg4 Bxg4 19. hxg4 Nfg6 20. Bh2 Qf6 21. Ne2 c4 22. Rf1 Nd3 23. Nxc4 Nxb2 24. e5 Nxe5 25. Nxb2 Nxg4 26. Rb1 Qh6 27. Bg3 Be5 28. Qd3 f5 29. Bxe5 dxe5 30. Qh3 Rxd5 31. Qxh6 Nxh6 32. Nc4 b6 33. Rfc1 Rad8 1/2-1/2

[Event "Baltic Sea Chess Stars"]
[Site "Narva"]
[Date "2006.11.11"]
[Round "6.2"]
[White "Ezhov, Roman"]
[Black "Sofiev, Alexey"]
[Result "1-0"]
[WhiteElo "2144"]
[BlackElo "2054"]
[PlyCount "63"]
[EventDate "2006.11.08"]
[EventType "team"]
[EventRounds "7"]
[EventCountry "EST"]
[SourceTitle "CBM 115 Extra"]
[Source "ChessBase"]
[SourceDate "2007.01.10"]
[SourceVersion "1"]
[SourceVersionDate "2007.01.10"]
[SourceQuality "1"]

1. e4 e6 2. d4 d5 3. Nc3 Nf6 4. Bg5 Be7 5. e5 Nfd7 6. Bxe7 Qxe7 7. f4 a6 8. Nf3 c5 9. Qd2 Nc6 10. dxc5 Nxc5 11. 0-0-0 b5 12. Nd4 Bd7 13. Nxc6 Bxc6 14. Ne2 Ne4 15. Qe3 f5 16. Nd4 Bd7 17. Be2 0-0 18. h4 Qf7 19. h5 Kh8 20. Rdf1 Rac8 21. Rhg1 b4 22. g4 a5 23. Bd3 a4 24. Kb1 a3 25. Bxe4 dxe4 26. gxf5 exf5 27. Qg3 Ra8 28. Rd1 Rg8 29. Qb3 Qxh5 30. Rh1 Qg4 31. Qf7 Be8 32. Rxh7+ 1-0

[Event "Baltic Sea Chess Stars"]
[Site "Narva"]
[Date "2006.11.09"]
[Round "3.2"]
[White "Ezhov, Roman"]
[Black "Volodin, Aleksandr"]
[Result "0-1"]
[WhiteElo "2144"]
[BlackElo "2354"]
[PlyCount "68"]
[EventDate "2006.11.08"]
[EventType "team"]
[EventRounds "7"]
[EventCountry "EST"]
[SourceTitle "CBM 115 Extra"]
[Source "ChessBase"]
[SourceDate "2007.01.10"]
[SourceVersion "1"]
[SourceVersionDate "2007.01.10"]
[SourceQuality "1"]

1. e4 c5 2. Nf3 e6 3. d4 cxd4 4. Nxd4 Nc6 5. Nc3 a6 6. Be2 d6 7. Be3 Nf6 8. 0-0 Be7 9. f4 0-0 10. g4 Nxd4 11. Bxd4 Nd7 12. g5 e5 13. Be3 exf4 14. Bxf4 Ne5 15. Qd2 Be6 16. Rad1 Rc8 17. Qe3 Ng6 18. Kh1 Nxf4 19. Qxf4 Bxg5 20. Qxd6 Qxd6 21. Rxd6 Bf6 22. Bg4 Bxg4 23. Rdxf6 gxf6 24. Rg1 h5 25. h3 f5 26. exf5 Rc4 27. Nd5 Kh8 28. hxg4 Rxg4 29. Rxg4 hxg4 30. Kg2 Rc8 31. Ne3 Re8 32. Kf2 Re4 33. c4 Kg7 34. b4 Kf6 0-1

[Event "EST-ch U20"]
[Site "Narva"]
[Date "2006.08.20"]
[Round "9"]
[White "Zacurdajev, Mikhail"]
[Black "Ezhov, Roman"]
[Result "1-0"]
[WhiteElo "2397"]
[BlackElo "2144"]
[PlyCount "69"]
[EventDate "2006.08.15"]
[EventType "tourn"]
[EventRounds "9"]
[EventCountry "EST"]
[EventCategory "2"]
[SourceTitle "CBM 113 Extra"]
[Source "ChessBase"]
[SourceDate "2006.09.14"]
[SourceVersion "1"]
[SourceVersionDate "2006.09.14"]
[SourceQuality "1"]

1. d4 Nf6 2. c4 e6 3. Nc3 c5 4. d5 exd5 5. cxd5 d6 6. e4 g6 7. f4 Bg7 8. Bb5+ Nfd7 9. a4 0-0 10. Nf3 Na6 11. 0-0 Nc7 12. Bd3 b6 13. Qe2 Re8 14. Bd2 Nf6 15. Qf2 c4 16. Bxc4 Nxe4 17. Nxe4 Rxe4 18. Bd3 Re8 19. f5 gxf5 20. Nd4 Qf6 21. Bc3 Nxd5 22. Nxf5 Nxc3 23. Nh6+ Kf8 24. Qxf6 Bxf6 25. Rxf6 Ne2+ 26. Kf2 Be6 27. Kxe2 Kg7 28. Raf1 Bf5+ 29. Kd2 Kxf6 30. Rxf5+ Kg7 31. Nxf7 d5 32. Ng5 h6 33. Nf3 Rad8 34. Nd4 Rd6 35. Rh5 1-0

[Event "EST-ch U20"]
[Site "Narva"]
[Date "2006.08.19"]
[Round "8"]
[White "Ezhov, Roman"]
[Black "Haitin, Ilja"]
[Result "0-1"]
[WhiteElo "2144"]
[BlackElo "2236"]
[PlyCount "68"]
[EventDate "2006.08.15"]
[EventType "tourn"]
[EventRounds "9"]
[EventCountry "EST"]
[EventCategory "2"]
[SourceTitle "CBM 113 Extra"]
[Source "ChessBase"]
[SourceDate "2006.09.14"]
[SourceVersion "1"]
[SourceVersionDate "2006.09.14"]
[SourceQuality "1"]

1. e4 c5 2. c4 d6 3. Nc3 Nc6 4. g3 g6 5. Bg2 Bg7 6. Nge2 e6 7. 0-0 Nge7 8. d3 0-0 9. Rb1 Bd7 10. a3 Nd4 11. b4 cxb4 12. axb4 Nxe2+ 13. Nxe2 b5 14. Be3 a5 15. e5 d5 16. cxd5 Nxd5 17. Bc5 Re8 18. Bxd5 exd5 19. f4 axb4 20. Rxb4 Ra4 21. Qb3 Qa8 22. Nc3 Ra3 23. Qb2 Rc8 24. d4 Rxc5 25. dxc5 Bf8 26. Nxb5 Ra2 27. Qc3 Bxc5+ 28. Nd4 Bxb4 29. Qxb4 Bh3 30. e6 Bxf1 31. exf7+ Kxf7 32. Kxf1 Qa6+ 33. Ke1 Rxh2 34. Qc3 Qb7 0-1

[Event "EST-ch U20"]
[Site "Narva"]
[Date "2006.08.16"]
[Round "3"]
[White "Kunitson, Nikolai"]
[Black "Ezhov, Roman"]
[Result "1/2-1/2"]
[WhiteElo "2074"]
[BlackElo "2144"]
[PlyCount "141"]
[EventDate "2006.08.15"]
[EventType "tourn"]
[EventRounds "9"]
[EventCountry "EST"]
[EventCategory "2"]
[SourceTitle "CBM 113 Extra"]
[Source "ChessBase"]
[SourceDate "2006.09.14"]
[SourceVersion "1"]
[SourceVersionDate "2006.09.14"]
[SourceQuality "1"]

1. e4 c5 2. Nf3 e6 3. d4 cxd4 4. Nxd4 a6 5. Nc3 b5 6. Bd3 Qb6 7. Nf3 Bb7 8. 0-0 Nc6 9. Re1 d6 10. Bf4 Nf6 11. a4 b4 12. Nb1 Ng4 13. Qe2 Nge5 14. Nbd2 Be7 15. Rad1 0-0 16. Nc4 Qc7 17. Bg3 Rfd8 18. h3 Bf6 19. Rd2 Nxc4 20. Bxc4 Na5 21. Ba2 Qc6 22. Rxd6 Qxa4 23. Rxd8+ Rxd8 24. e5 Be7 25. Bb1 Qc6 26. c3 bxc3 27. Rc1 Rd2 28. Qe3 Rxb2 29. Qd3 g6 30. Kh2 c2 31. Rxc2 Rxc2 32. Bxc2 Qb5 33. Qd2 Qd5 34. Qh6 Bf8 35. Qf4 Bc6 36. Bh4 Qc4 37. Qxc4 Nxc4 38. Nd4 Bd5 39. f4 Ne3 40. Bd3 Bc5 41. Ne2 Nxg2 42. Bd8 Bb7 43. Kg3 Ne3 44. Nc3 Nf5+ 45. Bxf5 exf5 46. Ba5 Kf8 47. Na4 Bd4 48. Bb4+ Ke8 49. Nc5 Bxc5 50. Bxc5 Kd7 51. Kf2 Ke6 52. Ke3 Kd5 53. Bf8 Kc4 54. Kd2 Kb3 55. Kc1 Be4 56. h4 a5 57. e6 fxe6 58. Bg7 a4 59. Bf6 a3 60. Bg7 a2 61. Bf6 h6 62. Bg7 g5 63. fxg5 hxg5 64. hxg5 f4 65. Kd2 Kc4 66. Ke2 Kd5 67. Bb2 e5 68. Kf2 Ke6 69. Ke2 Kf5 70. Kf2 Kxg5 71. Bxe5 1/2-1/2

[Event "Novaya Ladoga"]
[Site "Novaya Ladoga"]
[Date "2006.07.10"]
[Round "8"]
[White "Ezhov, Roman"]
[Black "Mishuchkov, Nikolai Mikhailovic"]
[Result "1/2-1/2"]
[WhiteElo "2144"]
[BlackElo "2360"]
[PlyCount "85"]
[EventDate "2006.07.03"]
[EventType "tourn"]
[EventRounds "9"]
[EventCountry "RUS"]
[EventCategory "3"]
[SourceTitle "EXT 2008"]
[Source "ChessBase"]
[SourceDate "2007.11.25"]
[SourceVersion "1"]
[SourceVersionDate "2007.11.25"]
[SourceQuality "1"]

1. e4 e5 2. Nf3 Nc6 3. Bb5 g6 4. d4 exd4 5. Nxd4 Bg7 6. Be3 Nge7 7. Nc3 0-0 8. 0-0 d5 9. exd5 Nxd5 10. Nxc6 bxc6 11. Bxc6 Nxe3 12. Qxd8 Rxd8 13. fxe3 Rb8 14. Rab1 Be6 15. a4 Rb4 16. Nb5 Rc4 17. Nxa7 Rxc2 18. Be4 Rc4 19. Bc6 Bh6 20. Rbe1 Rd6 21. Bb5 Re4 22. Rf3 Bd5 23. Rh3 Bg5 24. a5 Be6 25. Rf3 Bg4 26. Rg3 Bh4 27. Bc6 Bxg3 28. hxg3 Rc4 29. Bb7 Rb4 30. a6 Rxb7 31. axb7 Rb6 32. Nc6 Rxb7 33. Rc1 Rxb2 34. Ne5 Be6 35. Rxc7 Bd5 36. Nf3 Kg7 37. Rd7 Bxf3 38. gxf3 h5 39. Rd4 g5 40. Rd5 Kg6 41. e4 h4 42. gxh4 gxh4 43. Rf5 1/2-1/2

[Event "St Petersburg White Nights op"]
[Site "St Petersburg"]
[Date "2005.06.20"]
[Round "3"]
[White "Ezhov, Roman"]
[Black "Bazhenova, Dina"]
[Result "1/2-1/2"]
[WhiteElo "2179"]
[BlackElo "1890"]
[PlyCount "74"]
[EventDate "2005.06.18"]
[EventType "swiss"]
[EventRounds "9"]
[EventCountry "RUS"]
[SourceTitle "CBM 106 Extra"]
[Source "ChessBase"]
[SourceDate "2005.07.01"]
[SourceVersion "1"]
[SourceVersionDate "2005.07.01"]
[SourceQuality "1"]

1. e4 c5 2. Nf3 Nc6 3. Bb5 a6 4. Bxc6 dxc6 5. 0-0 Bg4 6. d3 Qc7 7. Be3 e5 8. Nbd2 Nf6 9. h3 Be6 10. Ng5 Qd7 11. Nxe6 Qxe6 12. f4 exf4 13. Bxf4 Be7 14. Nc4 b5 15. Ne3 0-0 16. Nf5 c4 17. Nxe7+ Qxe7 18. Kh1 h6 19. Qf3 cxd3 20. cxd3 Rad8 21. Bxh6 gxh6 22. Qxf6 Qxf6 23. Rxf6 Rxd3 24. Rxc6 Re8 25. Re1 Re6 26. Rxe6 fxe6 27. Re2 Kf7 28. e5 Rd5 29. g4 Kg6 30. h4 h5 31. g5 Rd4 32. Rh2 Kf5 33. Kg2 Rd2+ 34. Kg3 Rd3+ 35. Kg2 Rd2+ 36. Kg3 Rd3+ 37. Kf2 Rd2+ 1/2-1/2